Účtovanie v cudzích menách.

FMF stanovilo k vymedzeniu povinnosti uvedenej v paragrafe 25 zákona č. 105/1990 Zásady zavedenia účtovníctva pri súkromnom podnikaní občanov. Podnikatelia povinne zapísaní v podnikovom registri vedú podvojné účtovníctvo. Porovnanie riešenia obchodných prípadov v cudzích menách obsiahnutých v Zásadá...

Ausführliche Beschreibung

Gespeichert in:
Bibliographische Detailangaben
1. Verfasser: Oravec, Peter
Format: Buchkapitel
Sprache:Slowakisch
Schlagworte:
Tags: Tag hinzufügen
Keine Tags, Fügen Sie das erste Tag hinzu!

MARC

LEADER 00000naa a2200000 4500
001 r006796
005 20221125075705.8
041 0 |a slo 
044 |a [CS] 
245 1 0 |a Účtovanie v cudzích menách.  |c P. Oravec 
520 |a FMF stanovilo k vymedzeniu povinnosti uvedenej v paragrafe 25 zákona č. 105/1990 Zásady zavedenia účtovníctva pri súkromnom podnikaní občanov. Podnikatelia povinne zapísaní v podnikovom registri vedú podvojné účtovníctvo. Porovnanie riešenia obchodných prípadov v cudzích menách obsiahnutých v Zásadách s riešením v rakúskom účtovnom systéme. 
610 2 0 |a účtovníctvo 
610 2 0 |a podnikanie súkromné 
610 2 0 |a legislatíva 
610 2 0 |a valuty 
610 2 0 |a ČSFR 
100 1 |a Oravec, Peter